Central Library OPAC University of Rajshahi

Selections from educational records of the Government of India / (Record no. 63161)

MARC details
000 -LEADER
fixed length control field 00888nam a2200265 a 4500
001 - CONTROL NUMBER
control field 63161
003 - CONTROL NUMBER IDENTIFIER
rucl marc code BD-RjUL
005 - DATE AND TIME OF LATEST TRANSACTION
control field 20211209081150.0
008 - FIXED-LENGTH DATA ELEMENTS--GENERAL INFORMATION
fixed length control field 170128n1976 ii f001 0 eng
035 ## - SYSTEM CONTROL NUMBER
System control number (BD-RjUL)63289
System control number (OCoLC)3023938
040 ## - CATALOGING SOURCE
Original cataloging agency DLC
Transcribing agency NNepaSU
Modifying agency BD-RjUL
Language of cataloging eng
041 ## - LANGUAGE CODE
Language code of text/sound track or separate title eng
082 ## - DEWEY DECIMAL CLASSIFICATION NUMBER
Edition number 23
Classification number 370.954
Author mark and year SEL 1976
245 00 - TITLE STATEMENT
Title Selections from educational records of the Government of India /
Statement of responsibility, etc. J. P. Naik and Suresh Chandra Ghosh
260 ## - PUBLICATION, DISTRIBUTION, ETC. (IMPRINT)
Place of publication, distribution, etc. Delhi :
Name of publisher, distributor, etc. Zakir Husain Centre for Educational Studies, Jawaharlal Nehru University,
Date of publication, distribution, etc. 1976.
300 ## - PHYSICAL DESCRIPTION
Pagination v.
Size 25 cm.
504 ## - BIBLIOGRAPHY, ETC. NOTE
Bibliography, etc Includes index and bibliography
505 0# - FORMATTED CONTENTS NOTE
Formatted contents note V. 1 (Development of university education, 1859-79)--
650 #0 - SUBJECT ADDED ENTRY--TOPICAL TERM
Topical term or geographic name as entry element Education
Geographic subdivision India.
9 (RLIN) 176105
700 ## - ADDED ENTRY--PERSONAL NAME
Personal name Naik, J. P.
Personal name Ghosh, Suresh Chandra
942 ## - ADDED ENTRY ELEMENTS (KOHA)
Source of classification or shelving scheme Dewey Decimal Classification
Koha item type Books
Holdings
Lost status Source of classification or shelving scheme Damaged status Not for loan Collection code Permanent Location Current Location Shelving location Date acquired Source of acquisition Cost, normal purchase price Total Checkouts Full call number Date last seen Copy number Koha item type
  Dewey Decimal Classification   Not For Loan Non-fiction Central Library, University of Rajshahi Central Library, University of Rajshahi Reading Room 06/03/1979 India International Calcutta 100.00   370.954 SEL V-1 1976 28/01/2017 C-1 Books